000 00203 a2200109 4500
020 _a9781338155501
041 _aspa
100 _aBlabey Aaron
245 _aLos Tipos Malos
942 _cBK
952 _74
999 _c22029
_d22029